000 00417nam a2200181Ia 4500
005 20240823050540.0
008 240823s9999||||xx |||||||||||||| ||und||
041 _aENGLISH
082 _A670 M9
100 _aSubba Rao P
245 0 _aBasic production processes
250 _a1st
260 _c1989
_b"S Chand,New Delhi"
500 _aYES
650 _aProduction
_bMechanical
942 _cBK
999 _c217510
_d217510